| 000 | 00971nam a22003017a 4500 | ||
|---|---|---|---|
| 001 | BR2023000974 | ||
| 003 | BR-BrBNA | ||
| 005 | 20230823110024.0 | ||
| 008 | 230823b bl.||||| |||| 00| 0 por d | ||
| 040 |
_aBR-BrBNA _bpor _cBiblioteca Nacional de Agricultura |
||
| 041 | _apor | ||
| 072 |
_aF01 ; P01 ; C20 _b2120 |
||
| 090 | _a2120 BR2023000974 | ||
| 110 | _aPlataforma Global do Café, Espírito Santo do Pinhal, SP (Brazil) | ||
| 245 | _aCatálogo resumido das principais iniciativas de sustentabilidade dos membros e parceiros da Plataforma Global do Café | ||
| 260 |
_aEspírito Santo do Pinhal, SP (Brazil) _c[nd] |
||
| 300 | _a34 p. | ||
| 500 | _aPublished after 2017; 78 illus. | ||
| 650 | _aCAFÉ | ||
| 650 | _aPRODUÇÃO VEGETAL | ||
| 650 | _aCADEIA PRODUTIVA | ||
| 650 | _aDESENVOLVIMENTO SUSTENTÁVEL | ||
| 650 | _aASSISTÊNCIA TÉCNICA | ||
| 650 | _aEXTENSÃO RURAL | ||
| 650 | _aCADASTRO | ||
| 909 |
_a202308 _bFernando |
||
| 942 | _cBK | ||
| 999 |
_c9851 _d9851 |
||